Teplovaja zaščita ograždajuščich konstrukcij zdanij i sooruženij

Guardado en:
Detalles Bibliográficos
Autores principales: Tabunščikov, J.A (Autor), Chromec, D.J (Autor), Matrosov, J.A (Autor)
Formato: Libro
Lenguaje:ruso
Publicado: Moskva : Strojizdat, 1986
Etiquetas: Agregar Etiqueta
Sin Etiquetas, Sea el primero en etiquetar este registro!

MARC

LEADER 00000nam a22000003a 4500
001 stu29902
005 20150617225735.3
008 951023s1986----xxr-----------------rus-d
040 |a STU  |b slo 
041 0 |a rus 
044 |a xxr 
080 |a 697.11 
080 |a 699.865 
100 1 |a Tabunščikov, J.A  |4 aut 
245 1 |a Teplovaja zaščita ograždajuščich konstrukcij zdanij i sooruženij 
260 |a Moskva :  |b Strojizdat,  |c 1986 
300 |a 379 s 
700 1 |a Chromec, D.J  |4 aut 
700 1 |a Matrosov, J.A  |4 aut 
996 |c V*34714/O-14293  |l VV18  |s P  |a 0  |w stu29902_0001 
996 |c V*34566/O-14243  |l VV18  |s P  |a 0  |w stu29902_0002